000 01062cam a22002531 4500
001 7349435
003 ARRUPE
005 20160122111706.0
008 730925s1932 enka 000 0 eng
010 _a 32022519
035 _a(OCoLC)698286
040 _aDLC
_cOKentU
_dOCoLC
_dDLC
042 _apremarc
050 0 0 _aSPC DT929.8.F5
_bA4
100 1 _aFitzpatrick, Percy,
_cSir,
_d1862-1931.
_921711
245 1 0 _aSouth African memories,
_cby Sir J. Percy Fitzpatrick ... prepared for the press from the manuscript of the author by G. H. Wilson, with four half-tone plates.
260 _aLondon [etc.]
_bCassell and company ltd.
_c1932
300 _a319 p.;
_billus.
_c24 cm.
500 _a"Covers a very wide field of action, throwing much new light on the chequered history of the Transvaal in the period immediately before the South African war."--Foreword.
651 0 _aTransvaal (South Africa)
_xHistory
_y1880-1910.
_921712
700 1 _aWilson, G. H.,
_eed.
_921713
906 _a7
_bcbc
_coclcrpl
_du
_encip
_f19
_gy-gencatlg
942 _2lcc
_cMONOGRAPH
999 _c124005
_d124005